Twilight characters Quiz Stats

Quiz not verified by Sporcle

Also try: Famous 'Sh' People
Challenge
Share
Tweet
Embed
Score 0/23 Timer 03:00
0 Plays Today
% Correct
edward
97.3%
alice
96.6%
carlisle
95.2%
bella
94.6%
rosalie
94.6%
esme
94.6%
jasper
93.9%
jacob
93.9%
charlie
93.2%
renee
93.2%
emmett
91.8%
renesmee
91.2%
% Correct
victoria
91.2%
mike
89.8%
jessica
89.8%
james
89.8%
billy
89.1%
angela
85%
eric
85%
phil
83%
tyler
77.6%
sam
68.7%
jane
32%

You're not logged in!

Compare scores with friends on all Sporcle quizzes.
Join for Free
OR
Log In

You Might Also Like...

Show Comments

Extras

Created Aug 30, 2010SourceReportNominate

Top Quizzes Today


Score Distribution

Your Account Isn't Verified!

In order to create a playlist on Sporcle, you need to verify the email address you used during registration. Go to your Sporcle Settings to finish the process.

Report this User

Report this user for behavior that violates our Community Guidelines.

Details: